Loading...

Keralathile Sthalacharithrangal : Thrissur jilla/

Bibliographic Details
Main Author: Valath V V K
Format: Printed Book
Published: Thrissur: Kerala Sahithya Academy, 2016.
Subjects:
LEADER 00625nam a22001697a 4500
020 |a 9788176902748 
082 |a 954.83  |b VAL/K 
100 |a Valath V V K  |9 60523 
245 |a Keralathile Sthalacharithrangal :  |b Thrissur jilla/  |c by Valath V V K 
260 |a Thrissur:  |b Kerala Sahithya Academy,  |c 2016. 
300 |a 302p.+  |e plates 
650 |a Gazetteer Kerala  |9 60524 
650 |a History Kerala  |9 60525 
650 |a History  |9 60526 
942 |c BK 
999 |c 137784  |d 137784 
952 |0 0  |1 0  |4 0  |6 M_954_830000000000000_VAL_K  |7 0  |9 95100  |a SSUS  |b SSUS  |c STACKS  |d 2018-06-28  |g 240.00  |l 5  |o M 954.83 VAL/K  |p 090947  |r 2020-01-28  |s 2020-01-20  |w 2018-06-28  |y BK